Возможность применения микроскопического гранулометрического анализа в целях фациальной диагностики терригенных отложений; Научная инициатива иностранных студентов и аспирантов российских вузов; Т. 1

書誌詳細
Parent link:Научная инициатива иностранных студентов и аспирантов российских вузов: сборник докладов VI Всероссийской научно-практической конференции, Томск, 24-26 апреля 2013 г./ Ассоциация иностранных студентов в России (АИС); Национальный исследовательский Томский политехнический университет (ТПУ), Институт международного образования и языковой коммуникации (ИМОЯК).— , 2013
Т. 1.— 2013.— [С. 386-388]
第一著者: Сорокоумова И.
団体著者: Национальный исследовательский Томский политехнический университет (ТПУ) Институт природных ресурсов (ИПР) Кафедра геологии и разведки полезных ископаемых (ГРПИ)
その他の著者: Фан Чан Хай Лонг (научный руководитель), Недоливко Н. М. Наталья Михайловна
要約:Заглавие с титульного экрана
言語:ロシア語
出版事項: 2013
シリーズ:Техническое направление
主題:
オンライン・アクセス:http://www.lib.tpu.ru/fulltext/c/2013/C19/V1/069.pdf
フォーマット: MixedMaterials 電子媒体 図書の章
KOHA link:https://koha.lib.tpu.ru/cgi-bin/koha/opac-detail.pl?biblionumber=605560

MARC

LEADER 00000naa2a2200000 4500
001 605560
005 20231101132346.0
035 |a (RuTPU)RU\TPU\conf\2863 
035 |a RU\TPU\conf\2842 
090 |a 605560 
100 |a 20140418d2013 k y0rusy50 ca 
101 0 |a rus 
102 |a RU 
105 |a y z 101zy 
135 |a drnn ---uucaa 
181 0 |a i  
182 0 |a b 
200 1 |a Возможность применения микроскопического гранулометрического анализа в целях фациальной диагностики терригенных отложений  |f И. Сорокоумова, Фан Чан Хай Лонг  |g науч. рук. Н. М. Недоливко 
203 |a Текст  |c электронный 
225 1 |a Техническое направление 
230 |a 1 компьютерный файл (pdf; 197 Kb) 
300 |a Заглавие с титульного экрана 
320 |a [Библиогр.: с. 388 (3 назв.)] 
337 |a Adobe Reader 
461 1 |0 (RuTPU)RU\TPU\conf\71  |t Научная инициатива иностранных студентов и аспирантов российских вузов  |o сборник докладов VI Всероссийской научно-практической конференции, Томск, 24-26 апреля 2013 г.  |f Ассоциация иностранных студентов в России (АИС); Национальный исследовательский Томский политехнический университет (ТПУ), Институт международного образования и языковой коммуникации (ИМОЯК)  |o в 2 т.  |d 2013 
463 1 |0 (RuTPU)RU\TPU\conf\72  |t Т. 1  |v [С. 386-388]  |d 2013 
610 1 |a труды учёных ТПУ 
610 1 |a электронный ресурс 
610 1 |a микроскопический анализ 
610 1 |a гранулометрический анализ 
610 1 |a фациальная зона 
610 1 |a диагностика 
610 1 |a терригенные породы 
610 1 |a отложения 
700 1 |a Сорокоумова  |b И. 
701 0 |a Фан Чан Хай Лонг 
702 1 |a Недоливко  |b Н. М.  |c геолог  |c доцент Томского политехнического университета, кандидат геолого-минералогических наук  |f 1955-  |g Наталья Михайловна  |2 stltpush  |4 727 
712 0 2 |a Национальный исследовательский Томский политехнический университет (ТПУ)  |b Институт природных ресурсов (ИПР)  |b Кафедра геологии и разведки полезных ископаемых (ГРПИ)  |h 2181  |2 stltpush  |3 (RuTPU)RU\TPU\col\18660 
801 2 |a RU  |b 63413507  |c 20230320  |g RCR 
856 4 |u http://www.lib.tpu.ru/fulltext/c/2013/C19/V1/069.pdf 
942 |c BK